000 00881nam a2200241 a 4500
001 000041968
005 20201002035847.0
008 090819s1987 sp ac 000 0 spa d
020 _a8400067312
040 _aDO-SdBNP
_bspa
_cBNPHU
082 _axxx
_bxxx
245 0 0 _aPerspectivas psiquiátricas /
_ccoordinadores Rafael Huertas, Ana I. Romero, Raquel Alvarez,.
260 _aMadrid :
_bCSIC,
_c1987.
300 _a278 p. :
_bil., retrs. ;
_c25 cm.
490 1 _aNuevas tendencias
_v6
504 _aIncluye referencias biobliográficas y notas al pie de las páginas
504 _aIncluye bibliografía al final de los capítulo
700 1 _aHuertas, Rafael
_ecoor.
_968894
700 1 2 _aRomero, Ana I.
_ecoor.
_968895
700 1 _aAlvarez Pelaez, Raquel
_968896
710 2 _aConsejo Superior de Investigaciones Científicas
_94786
830 0 _aNuevas tendencias
_n6
_968897
999 _c41457
_d41457